El enfoque por tareas en la enseñanza del español como segunda lengua
Tallennettuna:
| Päätekijä: | |
|---|---|
| Aineistotyyppi: | Kirja |
| Kieli: | Undetermined |
| Julkaistu: |
San José, Costa Rica
Sistema de Estudios de Posgrado, Universidad de Costa Rica
2002
|
| Aiheet: | |
| Tagit: |
Lisää tagi
Ei tageja, Lisää ensimmäinen tagi!
|
MARC
| LEADER | 00000nam a2200000Ia 4500 | ||
|---|---|---|---|
| 008 | 170316s9999 xx 000 0 und d | ||
| 999 | |c 14347 |d 14347 | ||
| 040 | |a cru BVZT | ||
| 090 | |a TESIS 689 | ||
| 100 | |a Porras Bustos, Joaquín Bernardo | ||
| 245 | |a El enfoque por tareas en la enseñanza del español como segunda lengua |c / Joaquín Bernardo Porras Bustos | ||
| 260 | |a San José, Costa Rica |b Sistema de Estudios de Posgrado, Universidad de Costa Rica |c 2002 | ||
| 300 | |a 89 páginas | ||
| 650 | |a TRABAJO FINAL DE GRADUACIÓN |9 237 | ||
| 650 | |a SISTEMA DE ESTUDIOS DE POSGRADO | ||
| 650 | |a MAESTRÍA EN ESPAÑOL COMO SEGUNDA LENGUA | ||
| 650 | |a GRAMÁTICA | ||
| 942 | |c TFG |h TESIS 689 |2 z | ||
